<?xml version="1.0" encoding="UTF-8"?>
<record
    xmlns:xsi="http://www.w3.org/2001/XMLSchema-instance"
    xsi:schemaLocation="http://www.loc.gov/MARC21/slim http://www.loc.gov/standards/marcxml/schema/MARC21slim.xsd"
    xmlns="http://www.loc.gov/MARC21/slim">

  <leader>00672nam a22001337a 4500</leader>
  <datafield tag="040" ind1=" " ind2=" ">
    <subfield code="c">RUA</subfield>
  </datafield>
  <datafield tag="082" ind1=" " ind2=" ">
    <subfield code="a">VEM HE 2022 B1-518 Or.</subfield>
  </datafield>
  <datafield tag="100" ind1=" " ind2=" ">
    <subfield code="a">HE DA,&#x17A0;&#x17C1;&#x200B; &#x178A;&#x17B6;</subfield>
  </datafield>
  <datafield tag="245" ind1=" " ind2=" ">
    <subfield code="a">CASE ANTIBIOTIC RESISTANT SALMONELLA SPP. OF SUCKLING PIGLETS IN MUKH KAMPUL DISTRICT, KANDAL PROVINCE,&#x1780;&#x179A;&#x178E;&#x17B8; SALMONELLA SPP. &#x179F;&#x17CA;&#x17B6;&#x17C6;&#x1793;&#x17B9;&#x1784;&#x17B1;&#x179F;&#x1790;&#x17A2;&#x1784;&#x17CB;&#x1791;&#x17B8;&#x1794;&#x17CA;&#x17B8;&#x1799;&#x17C9;&#x17BC;&#x1791;&#x17B7;&#x1780;&#x179B;&#x17BE;&#x1780;&#x17BC;&#x1793;&#x1787;&#x17D2;&#x179A;&#x17BC;&#x1780; &#x179F;&#x17D2;&#x179A;&#x17BB;&#x1780;&#x1798;&#x17BB;&#x1781;&#x1780;&#x17C6;&#x1796;&#x17BC;&#x179B; &#x1781;&#x17C1;&#x178F;&#x17D2;&#x178F;&#x1780;&#x178E;&#x17D2;&#x178F;&#x17B6;&#x179B;</subfield>
  </datafield>
  <datafield tag="260" ind1=" " ind2=" ">
    <subfield code="a">phnom penh</subfield>
    <subfield code="b">rua</subfield>
    <subfield code="c">2022</subfield>
  </datafield>
  <datafield tag="300" ind1=" " ind2=" ">
    <subfield code="a">ix.35p.</subfield>
    <subfield code="b">ill.</subfield>
    <subfield code="c">29cm.</subfield>
  </datafield>
  <datafield tag="856" ind1=" " ind2=" ">
    <subfield code="u">https://drive.google.com/file/d/13CiE2BMLcHustokYDQTjQHBcMJaxt-4J/view?usp=sharing</subfield>
  </datafield>
  <datafield tag="942" ind1=" " ind2=" ">
    <subfield code="c">VEM</subfield>
  </datafield>
  <datafield tag="999" ind1=" " ind2=" ">
    <subfield code="c">23396</subfield>
    <subfield code="d">23396</subfield>
  </datafield>
  <datafield tag="952" ind1=" " ind2=" ">
    <subfield code="0">0</subfield>
    <subfield code="1">0</subfield>
    <subfield code="4">0</subfield>
    <subfield code="6">VEM_HE_2022_000000000000000_B1518_OR</subfield>
    <subfield code="7">0</subfield>
    <subfield code="9">100311</subfield>
    <subfield code="a">LBB</subfield>
    <subfield code="b">LBB</subfield>
    <subfield code="c">B1.518</subfield>
    <subfield code="d">2024-07-30</subfield>
    <subfield code="o">VEM HE 2022 B1-518 Or.</subfield>
    <subfield code="p">a079207</subfield>
    <subfield code="r">2024-07-30</subfield>
    <subfield code="y">VEM</subfield>
  </datafield>
  <datafield tag="952" ind1=" " ind2=" ">
    <subfield code="0">0</subfield>
    <subfield code="1">0</subfield>
    <subfield code="4">0</subfield>
    <subfield code="6">VEM_HE_2022_000000000000000_B1518_OR</subfield>
    <subfield code="7">0</subfield>
    <subfield code="9">100312</subfield>
    <subfield code="a">LBB</subfield>
    <subfield code="b">LBB</subfield>
    <subfield code="c">B1.518</subfield>
    <subfield code="d">2024-07-30</subfield>
    <subfield code="o">VEM HE 2022 B1-518 Or.</subfield>
    <subfield code="p">a078943</subfield>
    <subfield code="r">2024-07-30</subfield>
    <subfield code="y">VEM</subfield>
  </datafield>
  <datafield tag="952" ind1=" " ind2=" ">
    <subfield code="0">0</subfield>
    <subfield code="1">0</subfield>
    <subfield code="4">0</subfield>
    <subfield code="6">VEM_HE_2022_000000000000000_B1518_OR</subfield>
    <subfield code="7">0</subfield>
    <subfield code="9">100313</subfield>
    <subfield code="a">LBB</subfield>
    <subfield code="b">LBB</subfield>
    <subfield code="c">B1.518</subfield>
    <subfield code="d">2024-07-30</subfield>
    <subfield code="l">2</subfield>
    <subfield code="o">VEM HE 2022 B1-518 Or.</subfield>
    <subfield code="p">a079091</subfield>
    <subfield code="r">2025-07-18</subfield>
    <subfield code="s">2025-06-13</subfield>
    <subfield code="y">VEM</subfield>
  </datafield>
  <datafield tag="952" ind1=" " ind2=" ">
    <subfield code="0">0</subfield>
    <subfield code="1">0</subfield>
    <subfield code="4">0</subfield>
    <subfield code="6">VEM_HE_2022_000000000000000_B1518_OR</subfield>
    <subfield code="7">0</subfield>
    <subfield code="9">100314</subfield>
    <subfield code="a">LBB</subfield>
    <subfield code="b">LBB</subfield>
    <subfield code="c">B1.518</subfield>
    <subfield code="d">2024-07-30</subfield>
    <subfield code="l">1</subfield>
    <subfield code="o">VEM HE 2022 B1-518 Or.</subfield>
    <subfield code="p">a078939</subfield>
    <subfield code="r">2024-11-13</subfield>
    <subfield code="s">2024-10-25</subfield>
    <subfield code="y">VEM</subfield>
  </datafield>
</record>
